I'd like to speak Filipino : (Record no. 3209)
[ view plain ]
| 000 -LEADER | |
|---|---|
| fixed length control field | 00642nam a22002057a 4500 |
| 003 - CONTROL NUMBER IDENTIFIER | |
| control field | OSt |
| 005 - DATE AND TIME OF LATEST TRANSACTION | |
| control field | 20150828095810.0 |
| 008 - FIXED-LENGTH DATA ELEMENTS--GENERAL INFORMATION | |
| fixed length control field | 130627t xxu||||| |||| 00| 0 eng d |
| 020 ## - INTERNATIONAL STANDARD BOOK NUMBER | |
| International Standard Book Number | 9719235039 |
| 050 ## - LIBRARY OF CONGRESS CALL NUMBER | |
| Classification number | PL 5509 |
| Item number | .C284 2001 |
| 082 ## - DEWEY DECIMAL CLASSIFICATION NUMBER | |
| Classification number | FIL 499.21 |
| Item number | C19 2001 |
| 100 ## - MAIN ENTRY--PERSONAL NAME | |
| Personal name | Carlos, Victoria P. |
| 245 ## - TITLE STATEMENT | |
| Title | I'd like to speak Filipino : |
| Remainder of title | introduction to coversational filipino for non-filipinos / |
| Statement of responsibility, etc | Victoria P. Carlos. |
| 260 ## - PUBLICATION, DISTRIBUTION, ETC. (IMPRINT) | |
| Place of publication, distribution, etc | Philippines : |
| Name of publisher, distributor, etc | Victoria Carlos Publishing, |
| Date of publication, distribution, etc | 2001. |
| 300 ## - PHYSICAL DESCRIPTION | |
| Extent | vi, 108 pages : |
| Dimensions | 23 cm. |
| Other physical details | illustrations ; |
| 650 ## - SUBJECT ADDED ENTRY--TOPICAL TERM | |
| Topical term or geographic name as entry element | Filipino. |
| 942 ## - ADDED ENTRY ELEMENTS (KOHA) | |
| Source of classification or shelving scheme | Library of Congress Classification |
| Koha item type | Books |
| Call number prefix | Filipininana |
| Withdrawn status | Lost status | Source of classification or shelving scheme | Damaged status | Home library | Current library | Shelving location | Date acquired | Total Checkouts | Total Renewals | Full call number | Barcode | Date last seen | Date checked out | Copy number | Price effective from | Koha item type | Source of acquisition | Sub Shelving location |
|---|---|---|---|---|---|---|---|---|---|---|---|---|---|---|---|---|---|---|
| Library of Congress Classification | College Library | College Library | Filipiniana Section | 08/28/2015 | PL 5509 .C284 2001 | C19859 | 05/08/2018 | 08/28/2015 | Books | Donation | ||||||||
| Library of Congress Classification | Luxembourg Library | Luxembourg Library | Filipiniana Section | 06/27/2013 | 7 | 14 | PL 5509 .C284 2009 | 18508 | 12/02/2019 | 11/08/2019 | 1 | 06/27/2013 | Books | |||||
| Library of Congress Classification | Luxembourg Library | Luxembourg Library | Filipiniana Section | 06/27/2013 | 2 | 21 | PL 5509 .C284 2007 | 15896 | 12/02/2019 | 11/08/2019 | 2 | 06/27/2013 | Books |